Movies Quiz

Random Movies or Clickable Quiz

Match the 2-word Horror Movies Quiz Stats

 Plays Quiz not verified by Sporcle

Score 0/57 Timer 11:00
1 Play Today
% Correct
Jeepers
91.9%
Paranormal
91%
Child's
88.9%
Rosemary's
88.1%
Final
88%
Blair
86.9%
Resident
86.7%
King
85.4%
Van
84.9%
Peeping
84.8%
Fright
84.6%
Cabin
78.4%
Basket
78%
Slender
76.8%
Jennifer's
76%
Evil
75.5%
Don't
74.6%
Wrong
73.3%
Blade:
72.8%
Get
70%
It
69.6%
Event
68.3%
Lights
67.8%
Urban
67%
Silent
66.5%
Altered
66.4%
Sleepaway
63.4%
Annabelle:
63.2%
Escape
60.5%
% Correct
Gerald's
60%
Black
58.8%
Ginger
56.7%
Cannibal
51.7%
Crimson
51.1%
Planet
50.9%
Red
50.9%
Funny
49.5%
Troll
49%
Goodnight
48.4%
Wolf
48.4%
Wish
47.8%
Bubba
45.9%
Cat
44.7%
Green
44.1%
Chopping
42%
Kill
41.2%
Death
41%
High
40.4%
Starry
36.4%
Velvet
36.2%
Murder
32.8%
Inland
32.2%
Eden
32.2%
Lake
31.3%
Deep
25.5%
Shin
25.3%
Tragedy
16.6%

You're not logged in!

Compare scores with friends on all Sporcle quizzes.
OR
Log In

Show Comments

Extras

Top Quizzes Today


Score Distribution

Your Account Isn't Verified!

In order to create a playlist on Sporcle, you need to verify the email address you used during registration. Go to your Sporcle Settings to finish the process.

Report this User

Report this user for behavior that violates our Community Guidelines.

Details: